Law of patents : a prologue (Record no. 190399)
[ view plain ]
| 000 -LEADER | |
|---|---|
| fixed length control field | 00404nam a2200157Ia 4500 |
| 005 - DATE AND TIME OF LATEST TRANSACTION | |
| control field | 20250303103522.0 |
| 008 - FIXED-LENGTH DATA ELEMENTS--GENERAL INFORMATION | |
| fixed length control field | 231217s9999 xx 000 0 und d |
| 020 ## - INTERNATIONAL STANDARD BOOK NUMBER | |
| International Standard Book Number | 9788131406441 |
| 082 ## - DEWEY DECIMAL CLASSIFICATION NUMBER | |
| Classification number | 608.7054 NAR;5 |
| 100 ## - MAIN ENTRY--PERSONAL NAME | |
| Personal name | Narasimha Rao, A V ed. |
| 245 #0 - TITLE STATEMENT | |
| Title | Law of patents : a prologue |
| 260 ## - PUBLICATION, DISTRIBUTION, ETC. (IMPRINT) | |
| Date of publication, distribution, etc. | 2006 |
| Name of publisher, distributor, etc. | Icfai |
| Place of publication, distribution, etc. | Hyderabad |
| 300 ## - PHYSICAL DESCRIPTION | |
| Extent | vii, 254 |
| 650 ## - SUBJECT ADDED ENTRY--TOPICAL TERM | |
| Topical term or geographic name as entry element | Law,patents,prologue |
| 942 ## - ADDED ENTRY ELEMENTS (KOHA) | |
| Koha item type | Books |
| Date last seen | Total Checkouts | Full call number | Accession number | Old discount | Cost, replacement price | Price effective from | Category | Public note | Lost status | Damaged status | Department | Withdrawn status | bill no. | bill date | Permanent Location | Current Location | Shelving location | Entry date | Vendor | Cost, normal purchase price | Grants | Currency symbol | Conversion rate | Discount | Discount type |
|---|---|---|---|---|---|---|---|---|---|---|---|---|---|---|---|---|---|---|---|---|---|---|---|---|---|
| 26/01/2024 | 608.7054 NAR;5 | 71364 | 38.00 | 26/01/2024 | Books | 71364 | Central Library | 1993 | 10/01/2015 | Central Library | Central Library | Central Library | 02/12/2010 | ICFAI University | 38.00 | MBA | RS | 1 | Rupees | ||||||
| 26/01/2024 | 608.7054 NAR;6 | 71500 | 38.00 | 26/01/2024 | Books | 71500 | Central Library | 1993 | 06/02/2015 | Central Library | Central Library | Central Library | 02/12/2010 | ICFAI University | 38.00 | MBA | RS | 1 | Rupees |
